书目信息 |
| 题名: |
抗癌良方
|
|
| 作者: | 常敏毅 | |
| 分册: | ||
| 出版信息: | 长沙 湖南科学技术出版社 1993.06 |
|
| 页数: | 379页 | |
| 开本: | 32cm | |
| 丛书名: | ||
| 单 册: | ||
| 中图分类: | R730.56 | |
| 科图分类: | ||
| 主题词: | 肿瘤学 | |
| 电子资源: | ||
| ISBN: | 7-5357-1108-1 | |
| 000 | 00508nam0 2200181 45 | |
| 001 | 9911301546 | |
| 005 | 19991130153439.5 | |
| 010 | @a7-5357-1108-1@d7.35 | |
| 100 | @a19991130d1993 km y0chiy0120 ea | |
| 101 | @achi | |
| 105 | @a z 000yy | |
| 200 | 1 | @a抗癌良方@AKang Ai Liang Fang@f常敏毅@FChang Min Yi |
| 210 | @a长沙@c湖南科学技术出版社@d1993.06 | |
| 215 | @a379页@c无图表@d32cm | |
| 606 | 0 | @a肿瘤学 |
| 690 | @aR730.56@v3 | |
| 801 | @aCN@bPerfectUser@c19991130 | |
| 905 | @aBZT@b44697-698@f2@dR730.56@e1 | |
| 抗癌良方/常敏毅.-长沙:湖南科学技术出版社,1993.06 |
| 379页:无图表;32cm |
| ISBN 7-5357-1108-1:7.35 |
| ● |
| 相关链接 |
|
|
|
正题名:抗癌良方
索取号:R730.56/1
 
预约/预借
| 序号 | 登录号 | 条形码 | 馆藏地/架位号 | 状态 | 备注 |
| 1 | 44697 | 200602712 | 中心书库中库/打包BH0224/ [索取号:R730.56/1] | 在馆 | |
| 2 | 44698 | 200602721 | 中心书库中库/ 中库013架B面3列3层1/ [索取号:R730.56/1] | 在馆 |